00534nam a2200157Ia 450000500170000000800410001704100080005808200160006610000230008224500500010526000400015530000090019565000220020499900190022695201310024520250729165406.0250729s2006 xx 000 0 und d aeng a370.78 MISP aMishra B C9222663 aPersonality Patterns and academic Achivements aNew DelhibSonali Publicationc2006 a142p aEducation9222664 c235559d235559 00104070aALbALd2025-07-29eSita Book Houseg105.00l0o370.78 MISPpBED00878r2025-07-29 16:54:06v105.00w2025-07-29yBK